000 01476naa a22003977a 4500
001 BR8107836
003 BR-BrBNA
005 20250721143146.0
007 ta
008 250630b bl.|||m| |||| 00| 0 por d
040 _aBR-BrBNA
_bpor
_cBiblioteca Nacional de Agricultura
041 _a(Pt)
072 _aS20
_b/G514
090 _aS20 BR8107836
100 1 _aDesai, I.D.
100 1 _aWaddel, C.
100 1 _aDuarte, E.
100 1 _aRobazzi, M.L.
100 1 _aRomero, L.S.C.
100 1 _aDesai, M.I.
100 1 _aVichi, F.L.
100 1 _aDuarte, F.A.M.
100 1 _aOliveira, J.E.D. de
245 1 _aAvaliacao do estado nutricional e da capacidade de trabalho de filhos adolescentes de boias-frias ou trabalhadores volantes de Ribeirao Preto [Sao Paulo, Brasil]
500 _aBoias-frias, um estudo socio-economico-nutricional sobre trabalhadores volantes rurais da area de Ribeirao Preto Sao Paulo, SP (Brasil): 1981. p. 126-131 (BR8107836-AMS)
773 0 _tBoias-frias, um estudo socio-economico-nutricional sobre trabalhadores volantes rurais da area de Ribeirao Preto
_wS20 BR8107836
_gSao Paulo, SP (Brasil), 1981. p. 126-131
650 _aTRABALHADOR RURAL
650 _aBAIXA RENDA
650 _aEXIGENCIA NUTRICIONAL
650 _aDEFICIENCIA NUTRICIONAL
650 _aRIBEIRAO PRETO
650 _aSAO PAULO
490 _aPublicacao ACIESP (Brazil)
_vno. 30
942 _cAMS
_2AGRIS
909 _a202506
_bLúcia
_c55
_dLúcia Elande
999 _c334005
_d334005